000 00803nam a2200229 i 4500
001 31860
003 ES-MaACL
005 20250815082224.0
007 t|
008 030130s1959 sp ||||1| spa d
100 1 _aBeckmann, M.
_926965
245 1 0 _aEconomía del transporte /
_cM. Beckmann, C.B. Mac Guire y C.B. Winsten ; traducción del inglés por José Luis Barinaga.
260 _aMadrid :
_bAguilar,
_c1959 (
_fMinerva)
300 _a274 p., 1 lám. :
_bil. ;
_c22 cm.
490 1 _aBiblioteca de ciencias sociales
700 1 _aMac Guire, C. B.
_975031
700 1 _aWinsten, C. B.
_9117108
700 1 _aBarinaga Blanco, José Luis.
_925652
830 0 0 _aBiblioteca de ciencias sociales (Aguilar)
_9220462
852 _aES-MaACL
_jC-16062
_bR.44011
999 _c31860
_d31860